[Event "Cento op 1st"]
[Site "Cento"]
[Date "2011.02.08"]
[Round "4"]
[White "Lekic, Dusan"]
[Black "Zoldan, Matteo"]
[Result "1/2-1/2"]
[WhiteElo "2389"]
[BlackElo "2195"]
[PlyCount "88"]
[EventDate "2011.02.05"]
[EventType "swiss"]
[EventRounds "9"]
[EventCountry "ITA"]
[SourceTitle "CBM 140 Extra"]
[Source "ChessBase"]
[SourceDate "2011.03.01"]
[SourceVersion "1"]
[SourceVersionDate "2011.03.01"]
[SourceQuality "1"]

1. d4 Nf6 2. c4 g6 3. Nc3 Bg7 4. e4 d6 5. Nf3 0-0 6. Be2 e5 7. 0-0 Na6 8. Be3 Ng4 9. Bg5 Qe8 10. Re1 exd4 11. Nd5 f6 12. Bf4 c6 13. Bxd6 cxd5 14. exd5 Qd8 15. c5 Nc7 16. Nxd4 Ne5 17. f4 Nf7 18. Bxf8 Bxf8 19. d6 Ne6 20. Nxe6 Bxe6 21. Bf3 Qd7 22. b4 Rc8 23. Bd5 Bxd5 24. Qxd5 b6 25. Rac1 Kg7 26. Qe6 Qxe6 27. Rxe6 Bxd6 28. Rd1 bxc5 29. Rexd6 Nxd6 30. Rxd6 cxb4 31. Rd7+ Kh6 32. Rxa7 Rc2 33. h3 f5 34. Kh2 g5 35. fxg5+ Kxg5 36. Rg7+ Kf6 37. Rb7 Rxa2 38. Rxb4 Ra3 39. h4 Kg6 40. g3 Ra6 41. Kh3 Rc6 42. Rb8 Ra6 43. Rg8+ Kf7 44. Rg5 Kf6 1/2-1/2

[Event "Lugano op 4th"]
[Site "Lugano"]
[Date "2010.04.03"]
[Round "3"]
[White "Ludin, Hubert"]
[Black "Zoldan, Matteo"]
[Result "0-1"]
[WhiteElo "1992"]
[BlackElo "2172"]
[PlyCount "108"]
[EventDate "2010.04.02"]
[EventType "swiss"]
[EventRounds "6"]
[EventCountry "SUI"]
[SourceTitle "EXT 2024"]
[Source "ChessBase"]
[SourceDate "2023.10.10"]
[SourceVersion "1"]
[SourceVersionDate "2023.10.10"]
[SourceQuality "1"]

1. d4 Nf6 2. Nf3 g6 3. Bg5 Bg7 4. Nbd2 0-0 5. e4 d5 6. exd5 Nxd5 7. c3 h6 8. Bh4 Be6 9. Bg3 Nd7 10. Bd3 c5 11. Qe2 Bg4 12. h3 Bh5 13. dxc5 Nxc5 14. Bc2 Qb6 15. Rb1 Rad8 16. Be5 Bxe5 17. Qxe5 Bxf3 18. Nxf3 Qa6 19. Rd1 Qxa2 20. 0-0 e6 21. Nd4 Qxb2 22. c4 Nc3 23. Qxc5 Rxd4 24. Rxd4 Ne2+ 25. Kh1 Qxd4 26. Qxd4 Nxd4 27. Be4 b6 28. Ra1 a5 29. Kg1 Rc8 30. Bd3 Rc6 31. f3 Nb3 32. Rb1 Nc5 33. Bf1 Rd6 34. Kf2 Kg7 35. Ke3 e5 36. Be2 f5 37. g3 Kf6 38. h4 Ke6 39. Rb2 Kf6 40. Rb1 Ke6 41. Rb2 g5 42. hxg5 hxg5 43. f4 Kf6 44. Bf1 a4 45. fxg5+ Kxg5 46. Rh2 Rd8 47. Ra2 Rd1 48. Be2 Rb1 49. Kf3 Rb3+ 50. Kg2 a3 51. Ra1 Ne4 52. Bf3 Rb2+ 53. Kg1 a2 54. Bd1 Nc3 0-1